| 000 | 01080nam a22002175i 4500 | ||
|---|---|---|---|
| 001 | 157079 | ||
| 003 | ES-MaACL | ||
| 005 | 20250718060040.0 | ||
| 008 | 020403s1882 sp |||| | spa d | ||
| 040 |
_aCAM _bspa _cCAM |
||
| 100 | 1 |
_aLarra y Ossorio, Mariano de ( _d1858-1926) _9128701 |
|
| 245 | 1 | 0 |
_aEstar en vilo _b: zarzuela en un acto y en prosa / _cletra de Mariano de Larra y Ossorio ; música del maestro Arnedo. |
| 260 |
_aMadrid : _b[s.n.], _c1882 ( _fImprenta de José Rodríguez) |
||
| 300 |
_a32 p. ; _c19 cm. |
||
| 500 | _aEn port.: Estrenada en el Liceo Capellanes el dia 24 de junio de 1882. | ||
| 500 | _aSolo la letra. | ||
| 596 | _aAl v. de port. consta : "... Galería Lírico-Dramática, titulada el Teatro, de los Hijos de A. Gullon..." | ||
| 700 | 1 |
_aArnedo, Luis, _d1856-1911 _9125713 |
|
| 852 |
_aES-MaACL _jF-8624(6) _z-- Enc. hol. _z-- Dedicatoria ms. del autor a Gustavo [Saenz Diez] _q-- Falto de la cub. original _z.- Enc. en un vol. facticio formando parte de la col. facticia "Teatro español moderno", vol. 79 |
||
| 999 |
_c157079 _d157079 |
||